Online
Catalog

Ciencia de la hacienda : (Record no. 13487)

MARC details
000 -CABECERA
campo de control de longitud fija 00582cam a2200157u 4500
001 - NÚMERO DE CONTROL
campo de control 000013881
005 - FECHA Y HORA DE LA ÚLTIMA TRANSACCIÓN
campo de control 20200929163402.0
008 - DATOS DE LONGITUD FIJA--INFORMACIÓN GENERAL
campo de control de longitud fija 831213s1906 sp 000 0 spa
040 ## - FUENTE DE LA CATALOGACIÓN
Centro catalogador/agencia de origen DO-SdBNP
Lengua de catalogación spa
Centro/agencia transcriptor BNPHU
100 1# - ENTRADA PRINCIPAL--NOMBRE DE PERSONA
Nombre de persona Flora, Federico
Fechas asociadas al nombre 1867-1958.
9 (RLIN) 31449
245 10 - MENCIÓN DE TÍTULO
Título Ciencia de la hacienda :
Resto del título versión española hecha sobre la 2a. ed. italiana y aumentada por el autor con prólogo y notas Vicente Gay.
260 ## - PUBLICACIÓN, DISTRIBUCIÓN, ETC.
Lugar de publicación, distribución, etc. Madrid, :
Nombre del editor, distribuidor, etc. Librería General de Victoriano Suárez
-- V. Suarez,
Fecha de publicación, distribución, etc. 1906.
300 ## - DESCRIPCIÓN FÍSICA
Extensión v. ;
Dimensiones 21 cm.
650 #4 - PUNTO DE ACCESO ADICIONAL DE MATERIA--TÉRMINO DE MATERIA
Término de materia o nombre geográfico como elemento de entrada Finance.
9 (RLIN) 31450
700 1# - PUNTO DE ACCESO ADICIONAL--NOMBRE DE PERSONA
Nombre de persona Gay, Vicente
9 (RLIN) 31451
Holdings
Estado de retiro Estado de pérdida Restricciones de uso No para préstamo Código de colección Localización permanente Ubicación/localización actual Ubicación en estantería Fecha de adquisición Número de inventario Total de préstamos Signatura topográfica completa Código de barras Fecha visto por última vez Precio válido a partir de Tipo de ítem Koha
    Préstamo interno Préstamo restrigido Monografías: Libros y Folletos General General En encuadernación 30.11.2009 LF1   13881-10 25.06.2020 25.06.2020 Préstamo interno

Powered by Koha